Cuentos para regalar. (Registro nro. 3322)
[ vista simple ]
| 000 -LEADER | |
|---|---|
| fixed length control field | 01259nam a2200193 a 4500 |
| 008 - CAMPO DE CONTROL (LIBRO) | |
| fixed length control field | 180205e2000 ag ||||g |||| 00| 0 spa d |
| 020 ## - INTERNATIONAL STANDARD BOOK NUMBER | |
| ISBN | 9879332040 |
| 041 ## - CODIGO DE IDIOMA | |
| Código de idioma del texto/pista de sonido o título separado | spa |
| 092 ## - SIGNATURA TOPOGRAFICA DEWEY LOCAL | |
| número de clasificación | 808 |
| libristica | 51 |
| sección | MAR |
| 100 #1 - ENTRADA PRINCIPAL--NOMBRE PERSONAL | |
| Nombre personal | Mariscal, Enrique |
| 9 (RLIN) | 4364 |
| 245 ## - TITULO PROPIAMENTE DICHO | |
| Título | Cuentos para regalar. |
| Subtítulo y Título paralelo | A personas inteligentes/ |
| Mención de responsabilidad y remanente de la transcripción de la portada | Enrique Mariscal |
| 250 ## - MENCION DE EDICION | |
| Mención de edición | 6a ed. |
| 260 ## - PIE DE IMPRENTA | |
| Lugar de publicación, distribución, etc | Buenos Aires: |
| Nombre de la editorial, distribuidor, etc | Serendipidad; |
| Fecha de publicación | 2000. |
| 300 ## - DESCRIPCION FISICA | |
| Extension | 174 p. |
| 500 ## - NOTA GENERAL | |
| Nota general | Mariscal, E. (2000). Cuentos para regalar. A personas inteligentes. (6a ed.). Buenos Aires : Serendipidad. |
| 505 ## - NOTA DE CONTENIDO | |
| Nota de contenido formateada | Un cuento es algo serio, para reír y pensar. Un lenguaje breve y magnético, oportunidad para el diálogo, la complicidad, la entrega y la confianza, tarea de amigos. No para entretener, ni para pasar el rato. Tampoco para matar el aburrimiento. Gracia para pensar libremente, escenario provocante y creativo, metafórico y autoirónico. Cuando los grandes maestros querían superar todo encierro intelectual porque sentían las limitaciones de la definición, recurrían a la parábola, a la fabula, al mito o al sueño. Relatos comprometidos con una búsqueda espiritual, son para crear, señores del cambio, dignos de ser regalado: acompañan e inspiran. |
| 655 ## - MATERIA - GENERO/FORMA | |
| Género/Forma | Literatura |
| -- | 2917 |
| 942 ## - ADDED ENTRY ELEMENTS (KOHA) | |
| Source of classification or shelving scheme | Dewey Decimal Classification |
| Item type | LITERATURA |
| Estado de retiro | Existencia | Fuente de clasificación | Estado general | No para prestamo | Ubicación permanente | ubicación actual | Sala de ubicación | Fecha de adquisición | Fuente de adquisición | Total Checkouts | Número de clasificación | Código de barras | Date last seen | Número de ejemplar | Price effective from | Koha tipo de elemento (item) | Public note | Coded location qualifier |
|---|---|---|---|---|---|---|---|---|---|---|---|---|---|---|---|---|---|---|
| Dewey Decimal Classification | Biblioteca Medicina | Biblioteca Medicina | Circulación | 26/05/2026 | Donación Mayo 2026 | 808 51 MAR | 5167 | 26/05/2026 | Ej. 1 | 26/05/2026 | LITERATURA | Donación Mayo 2026. Sede Tordos. |